000 00518nam a2200205 i 4500
001 bgj
100 1 _aWOLF, Christa
245 1 0 _aUnter den Liden /
_cChrista Wolf.
260 _a[Darmstadt] :
_bLuchterhand,
_c1982.
300 _a74, [1] S. ;
_c18 cm.
490 1 _aSammlung Luchterhand ;
_v249
650 9 _aBelltristik
830 _aSammlung Luchterhand ;
020 _a3472612495
040 _cBPK
041 0 _ager
920 _a3-472-61249-5
942 _cKS
008 s gw f |000 0 ger
999 _c50510
_d50510
856 _uhttp://koha.tu.koszalin.pl/cgi-bin/koha/opac-detail.pl?biblionumber=50510
_yKatalog online BPK